[Event "tht Extraliga 16/17,SK AD Jicin-SK Slavoj Poruba"]
[Site "Brno"]
[Date "2017.04.01"]
[Round "10.2"]
[White "Markowski, Tomasz"]
[Black "Tazbir, Marcin"]
[WhiteElo "2574"]
[BlackElo "2512"]
[Result "1/2-1/2"]

1. d4  Nf6  2. Nf3  g6
3. e3  Bg7  4. Be2
O-O  5. O-O  d5
6. b4  a5  7. b5  c5
8. bxc6  bxc6  9. Ba3
Ne4  10. Nfd2  Nd6
11. Nc3  e5  12. Nf3
exd4  13. Nxd4  Re8
14. Rb1  Ba6  15. Bxa6
Rxa6  16. Bxd6  Qxd6
17. Qd3  Bxd4  18. exd4
Ra7  19. Qg3  Qxg3
20. hxg3  Na6  21. Rb6
Nb4  22. a3  Nxc2
23. Rxc6  Nxd4  24. Rc5
Ne2+  25. Nxe2  Rxe2
26. Rxd5  Ra2  27. Rd3
Rb7  28. Rc1  a4
29. Rf3  h5  30. Kh2
Kg7  31. Rc4  Rb3
32. Rcf4  f5  33. Rxb3
axb3  34. a4  b2
1/2-1/2

[Event "tht Extraliga 16/17,SK AD Jicin-SK Slavoj Poruba"]
[Site "Brno"]
[Date "2017.04.01"]
[Round "10.3"]
[White "Bulski, Krzysztof"]
[Black "Jakubowski, Krzysztof"]
[WhiteElo "2528"]
[BlackElo "2534"]
[Result "1-0"]

1. e4  c5  2. Nf3  d6
3. Bb5+  Bd7  4. Bxd7+
Qxd7  5. c4  e5
6. Nc3  Nc6  7. d3  g6
8. Nd5  Bg7  9. h4
f5  10. h5  O-O-O
11. Qe2  Rf8  12. Be3
Nge7  13. O-O-O  Kb8
14. Kb1  a6  15. a3
gxh5  16. Rxh5  fxe4
17. dxe4  Nd4  18. Nxd4
exd4  19. Bc1  Rf7
20. Rdh1  Re8  21. Nxe7
Rfxe7  22. f3  h6
23. Bxh6  Bxh6  24. Rxh6
d5  25. cxd5  Qxd5
26. Qc2  d3  27. Qc3
Qd8  28. Rh8  Qd6
29. R8h5  Rc7  30. Rd5
Qg6  31. Rxd3  Qxg2
32. Re1  c4  33. Rde3
Qg5  34. e5  Re6
35. Ka1  b5  36. Qd4
Qf5  37. f4  Rf7
38. Re4  Kb7  39. Qd5+
Rc6  40. Rd4  Qe6
41. Qe4  Kc7  42. Red1
c3  43. Rd6  Qc4
44. Rxc6+  Qxc6  45. Qe3
cxb2+  46. Kxb2  Kb7
47. Rd6  Qg2+  48. Kb3
Kc8  49. Rd2  Qh1
50. Qd3  Rh7  51. Qd8+
Kb7  52. Qd5+  Qxd5+
53. Rxd5  Kc6  54. Rd3
Rh4  55. f5  Rf4
56. f6  Kc7  57. Kc3
a5  58. Rd5  b4+
59. axb4  axb4+  60. Kd3
b3  61. Rb5  Kd7
62. Rxb3  Ke6  63. Rb5
Rh4  64. Rb8  Rh7
65. Kd4  Rh4+  66. Kd3
Rh7  67. Ke4  Rh4+
68. Ke3  Rh5  69. Re8+ 1-0

[Event "tht Extraliga 16/17,SK AD Jicin-SK Slavoj Poruba"]
[Site "Brno"]
[Date "2017.04.01"]
[Round "10.4"]
[White "Cvek, Robert"]
[Black "Kraus, Tomas"]
[WhiteElo "2518"]
[BlackElo "2418"]
[Result "1/2-1/2"]

1. c4  c5  2. g3  Nf6
3. Bg2  Nc6  4. Nc3
e6  5. Nf3  d5
6. cxd5  Nxd5  7. O-O  Be7
8. Nxd5  exd5  9. d4
O-O  10. dxc5  Bxc5
11. Bg5  Qd7  12. a3
Bb6  13. Qd3  Re8
14. Rad1  Qg4  15. Bf4
h6  16. h3  Qe6
17. Rfe1  Rd8  18. b4  Qf6
19. h4  Bf5  1/2-1/2

[Event "tht Extraliga 16/17,SK AD Jicin-SK Slavoj Poruba"]
[Site "Brno"]
[Date "2017.04.01"]
[Round "10.5"]
[White "Vykouk, Jan"]
[Black "Kanovsky, David"]
[WhiteElo "2424"]
[BlackElo "2409"]
[Result "1/2-1/2"]

1. e4  e6  2. d4  d5
3. Nc3  Bb4  4. e5
c5  5. Bd2  Ne7
6. a3  Bxc3  7. Bxc3  cxd4
8. Bxd4  Nbc6  9. Nf3
Bd7  10. Bc5  Rc8
11. Bd3  Nxe5  12. Nxe5
Rxc5  13. Qh5  g6
14. Qh6  Ng8  15. Qf4
f6  16. Nxd7  Qxd7
17. Qb8+  Rc8  18. Qxa7
Ne7  19. O-O  e5
20. Rad1  O-O  21. c3
Qc7  22. Qe3  Kg7
23. Bb1  Rfd8  24. f4
d4  25. Qg3  dxc3
26. Rxd8  Rxd8  27. fxe5
Qc5+  28. Qf2  Qxf2+
29. Kxf2  cxb2  30. exf6+
Kxf6  31. Ke1+  Ke5
32. Rf2  Ra8  33. Rxb2
Rxa3  34. Rxb7  1/2-1/2

[Event "tht Extraliga 16/17,SK AD Jicin-SK Slavoj Poruba"]
[Site "Brno"]
[Date "2017.04.01"]
[Round "10.6"]
[White "Malinovsky, Karel"]
[Black "Svoboda, Svatopluk"]
[WhiteElo "2479"]
[BlackElo "2427"]
[Result "1-0"]

1. e4  c5  2. Nf3  e6
3. d4  cxd4  4. Nxd4
Nc6  5. Nc3  Qc7
6. Be2  a6  7. Be3
Nf6  8. a3  b5
9. Nxc6  dxc6  10. f4  Bb7
11. O-O  c5  12. e5
Rd8  13. Qe1  Nd5
14. Nxd5  Bxd5  15. Qf2
Be7  16. a4  Rb8
17. axb5  axb5  18. Ra6
O-O  19. Rfa1  Rfc8
20. h3  c4  21. Ra7
Rb7  22. Bf3  Bf8
23. Bxd5  exd5  24. Rxb7
Qxb7  25. f5  Ra8
26. Re1  b4  27. Bd4
Ra6  28. e6  f6
29. Bc5  Be7  30. Bxe7  Qxe7
31. Qd4  Rd6  32. Qc5
Kf8  33. Qxb4  Rxe6
34. Qb8+  Qe8  35. Qxe8+
Rxe8  36. Rxe8+  Kxe8
37. Kf2  1-0

[Event "tht Extraliga 16/17,SK AD Jicin-SK Slavoj Poruba"]
[Site "Brno"]
[Date "2017.04.01"]
[Round "10.7"]
[White "Svoboda, Vaclav"]
[Black "Caletka, Radomir"]
[WhiteElo "2422"]
[BlackElo "2349"]
[Result "1-0"]

1. e4  c6  2. d4  d5
3. e5  c5  4. dxc5
Nc6  5. Bb5  e6
6. Be3  Nge7  7. c3  Qc7
8. Nf3  Bd7  9. Bd4
Ng6  10. Bxc6  Bxc6
11. Qd2  Be7  12. Qe3
O-O  13. O-O  Rac8
14. Re1  Bd7  15. b4
f5  16. a4  f4
17. Qe2  Qd8  18. Nbd2  Qe8
19. c4  Bxa4  20. b5
Bc2  21. cxd5  exd5
22. Rxa7  Bxc5  23. Rxb7
Be7  24. Bb2  Rb8
25. Rxb8  Qxb8  26. Nd4
Rc8  27. Rc1  Ba4
28. Ra1  Bc2  29. Qg4
Bd3  30. Qe6+  Kh8
31. Nc6  Qb7  32. Qxd5
Qxb5  33. Qxb5  Bxb5
34. Nd4  Be8  35. N2f3
Rb8  36. Bc3  Rc8
37. Bd2  Bf7  38. Ra7
Bg8  39. h3  Bc5
40. Ra4  Re8  41. e6
Bxe6  42. Nxe6  Rxe6
43. Ra8+  Bf8  44. Bxf4
Kg8  45. Be3  h6
46. Nd4  Rf6  47. g3
Kh7  48. Ne2  Rf7
49. Kg2  Bd6  50. h4
Ne5  51. Bf4  Nc4
52. Rc8  Nb6  53. Rc6
Bxf4  54. Rxb6  Bc7
55. Rb7  Kg8  56. h5
Be5  57. Rb5  Re7
58. Ng1  Bf6  59. f4
Bd4  60. Nf3  Re2+
61. Kh3  Bf6  62. Kg4
Re3  63. Rb7  Kf8
64. Nd2  Re7  65. Rb5
Kf7  66. Kf5  Rc7
67. Ne4  Be7  68. g4
Ra7  69. g5  hxg5
70. fxg5  Ba3  71. g6+
Ke7  72. Ng5  Bc1
73. h6  gxh6  74. g7
Ra8  75. Rb7+  Kd6
76. Ne4+  Kc6  77. Rb1
1-0

[Event "tht Extraliga 16/17,SK AD Jicin-SK Slavoj Poruba"]
[Site "Brno"]
[Date "2017.04.01"]
[Round "10.8"]
[White "Klima, Lukas"]
[Black "Kourousis, Epaminondas"]
[WhiteElo "2344"]
[BlackElo "2381"]
[Result "0-1"]

1. d4  Nf6  2. c4  e6
3. Nf3  b6  4. Nc3
Bb7  5. a3  g6
6. d5  Bg7  7. e4  O-O
8. Bd3  c6  9. d6
Ne8  10. Bc2  c5
11. O-O  Nc6  12. Bg5
f6  13. Bh4  Qb8
14. e5  fxe5  15. Be7
Nd4  16. Nxd4  exd4
17. Ne4  Rf5  18. Bd3
Be5  19. Re1  Rf7
20. Nxc5  Bxh2+  21. Kxh2
bxc5  22. Bh4  Qxd6+
23. Bg3  Qb6  24. b4
Nf6  25. Re5  Qc6
26. f3  Ng4+  27. Kg1
Nxe5  28. Bxe5  d6
29. Bg3  e5  30. Rb1
Raf8  31. Qd2  Rxf3
0-1

[Event "tht Extraliga 16/17,Rapid Pardubice-Labortech Ostrava"]
[Site "Brno"]
[Date "2017.04.01"]
[Round "10.1"]
[White "Movsesian, Sergei"]
[Black "Miton, Kamil"]
[WhiteElo "2677"]
[BlackElo "2619"]
[Result "1/2-1/2"]

1. e4  c5  2. Nf3  Nc6
3. Bb5  e6  4. O-O
Nge7  5. Re1  a6
6. Bf1  d5  7. d3
d4  8. e5  Nf5
9. g3  b6  10. Bg2  Bb7
11. Nbd2  Be7  12. Ne4
h5  13. h4  Qd7
14. Bf4  Nb4  15. Nfg5  Nh6
16. Bf3  Ng4  17. Bxg4
hxg4  18. a3  Nd5
19. Qxg4  Nxf4  20. Qxf4
Rf8  21. Nd2  Qc6
22. f3  O-O-O  23. Nge4
f5  24. Nd6+  Kb8
25. Nxb7  Qxb7  26. Nf1
g5  27. hxg5  Rg8
28. Qd2  Qxf3  29. Qg2
Qxg2+  30. Kxg2  Rxg5
31. Kf3  Kc7  32. Re2
Rh8  33. Rh2  Rxh2
34. Nxh2  Kc6  35. Kf2
Rg8  36. Nf3  Bg5
37. Nxg5  Rxg5  38. Rh1
Kd5  39. Rh8  Kxe5
40. Ra8  Rh5  41. Kg2
a5  42. Rb8  f4
43. Rxb6  Rg5  44. Rb5  Rxg3+
45. Kf2  Kd6  46. Rxa5
Rh3  47. Kg2  Re3
48. Kf2  Rh3  49. Kg2
1/2-1/2

[Event "tht Extraliga 16/17,Rapid Pardubice-Labortech Ostrava"]
[Site "Brno"]
[Date "2017.04.01"]
[Round "10.2"]
[White "Jakubiec, Artur"]
[Black "Kempinski, Robert"]
[WhiteElo "2489"]
[BlackElo "2594"]
[Result "1-0"]

1. e4  c5  2. Ne2  e6
3. d4  cxd4  4. Nxd4
Nf6  5. Nc3  d6
6. g4  a6  7. g5  Nfd7
8. Be3  b5  9. a3
Nb6  10. h4  N8d7
11. h5  Qc7  12. f4
Nc4  13. Bxc4  Qxc4
14. Nb3  Rb8  15. Qf3
Qc7  16. Bd4  h6
17. g6  fxg6  18. Qg4
Nf6  19. Bxf6  gxf6
20. hxg6  Bg7  21. f5
b4  22. axb4  Rxb4
23. Qg3  Bb7  24. O-O-O
Bxe4  25. Nxe4  Rxe4
26. Nd4  exf5  27. Nxf5
O-O  28. Nxh6+  Bxh6+
29. Rxh6  Rc8  30. Qh2
1-0

[Event "tht Extraliga 16/17,Rapid Pardubice-Labortech Ostrava"]
[Site "Brno"]
[Date "2017.04.01"]
[Round "10.3"]
[White "Votava, Jan"]
[Black "Pakleza, Zbigniew"]
[WhiteElo "2507"]
[BlackElo "2489"]
[Result "1/2-1/2"]

1. d4  e6  2. c4  b6
3. Nf3  Bb7  4. g3
f5  5. Bg2  Bb4+
6. Bd2  Bxd2+  7. Nbxd2
Nf6  8. O-O  O-O
9. Rc1  Qe7  10. Qc2
g6  11. Rfe1  d6
12. Ng5  Bxg2  13. Kxg2
h6  14. Ngf3  Nbd7
15. e4  fxe4  16. Nxe4
Qf7  17. Nxf6+  Nxf6
18. Re2  a5  19. Rce1
Rae8  20. b3  Kg7
21. Nd2  g5  22. Qd3
Re7  23. Nf1  Nd7
24. Nd2  e5  25. f3
Rfe8  1/2-1/2

[Event "tht Extraliga 16/17,Rapid Pardubice-Labortech Ostrava"]
[Site "Brno"]
[Date "2017.04.01"]
[Round "10.4"]
[White "Rasik, Vitezslav"]
[Black "Petr, Martin"]
[WhiteElo "2467"]
[BlackElo "2492"]
[Result "1-0"]

1. e4  c5  2. Nf3  e6
3. g3  Nc6  4. Bg2
Nf6  5. Qe2  d6
6. O-O  Be7  7. c3  O-O
8. d4  cxd4  9. cxd4
d5  10. e5  Nd7
11. Nc3  Nb6  12. h4  Bd7
13. b3  a6  14. Bd2
Rc8  15. Rfd1  h6
16. Rab1  Bb4  17. Qe3
Ne7  18. h5  Rc6
19. Qd3  Qc8  20. Nb5
axb5  21. Bxb4  Re8
22. Qxb5  Na8  23. Qd3
Nc7  24. Rdc1  Na6
25. Ba3  Qa8  26. Qd2
Nc7  27. Bd6  Nb5
28. Bxe7  Rxe7  29. a4
Nc7  30. Bf1  Re8
31. Ne1  Rc8  32. Nc2
Ne8  33. Bb5  R6c7
34. Bxd7  Rxd7  35. Na3
Rdc7  36. Rxc7  Rxc7
37. Nb5  Rc6  38. Rc1
Qd8  39. Rc3  f6
40. Qc2  Qd7  41. f4
fxe5  42. fxe5  Rxc3
43. Qxc3  Qf7  44. Nd6
Qxh5  45. Nxb7  Qd1+
46. Kf2  Nc7  47. Nc5
Qh1  48. b4  Qh2+
49. Ke1  Qg1+  50. Kd2
Qf2+  51. Kc1  Na8
52. Nd7  Kf7  53. a5
Qf1+  54. Kb2  Qb5
55. Nc5  Nc7  56. Kb3
Qf1  57. Qd3  Qa1
58. Nb7  Ke7  59. Nd6
h5  60. Qg6  Qd1+
61. Qc2  Qf3+  62. Qc3
Qd1+  63. Ka3  Kd7
64. b5  Qb1  65. b6
Nb5+  66. Nxb5  Qxb5
67. Qc7+  Ke8  68. b7
Qd3+  69. Kb4  Qxd4+
70. Kb5  1-0

[Event "tht Extraliga 16/17,Rapid Pardubice-Labortech Ostrava"]
[Site "Brno"]
[Date "2017.04.01"]
[Round "10.5"]
[White "Repka, Christopher"]
[Black "Kociscak, Jiri"]
[WhiteElo "2461"]
[BlackElo "2477"]
[Result "1-0"]

1. d4  f5  2. h4  Nf6
3. h5  e6  4. Nf3
d5  5. Nc3  Be7
6. Bf4  a6  7. e3  c5
8. Ne5  Nbd7  9. Qf3
Nxe5  10. Bxe5  O-O
11. Qg3  Rf7  12. f3
Qb6  13. O-O-O  Bd7
14. e4  cxd4  15. Bxd4
Bc5  16. Bxc5  Qxc5
17. exd5  Rc8  18. Bd3
exd5  19. Kb1  d4
20. Ne2  Nd5  21. Rh4
f4  22. Nxf4  Bf5
23. Rc1  Nc3+  24. Ka1
Qa5  25. a3  Bxd3
26. Nxd3  Re8  27. Re1
Rd8  28. bxc3  Qxa3+
29. Kb1  Rf5  30. Re5
Rf6  31. Qe1  dxc3
32. Rb4  1-0

[Event "tht Extraliga 16/17,Rapid Pardubice-Labortech Ostrava"]
[Site "Brno"]
[Date "2017.04.01"]
[Round "10.6"]
[White "Velicka, Petr"]
[Black "Jirovsky, Milos"]
[WhiteElo "2432"]
[BlackElo "2446"]
[Result "1/2-1/2"]

1. e4  c5  2. Nf3  Nc6
3. Bb5  g6  4. O-O
Bg7  5. Re1  Nf6
6. e5  Nd5  7. Nc3
Nc7  8. Bxc6  dxc6
9. Ne4  Ne6  10. d3
O-O  11. Be3  b6
12. Qd2  f5  13. exf6
exf6  14. Bh6  a5
15. a4  Ra7  16. Bxg7
Rxg7  17. Ng3  Nc7
18. h3  Be6  19. b3
Re7  20. Re2  Bd5
21. Rxe7  Qxe7  22. Re1
Qd8  23. Nh2  f5
24. f4  Qd6  25. Re5
Bf7  26. Nf3  Rd8
27. Qe1  Nd5  28. Ne2
Qf6  29. h4  h5
30. g3  Qd6  31. Nc3  Nb4
32. Re2  Kg7  33. Ne5
Bg8  34. Kh2  Qf6
35. Nd1  Re8  36. Nf2
Re6  37. Nh3  Re7
38. Ng5  Re8  39. Kh3
Re7  40. Qf2  Kf8
41. d4  b5  42. dxc5
Kg7  43. Qd4  bxa4
44. bxa4  Rb7  45. c3
Nd5  46. c4  Nb4
47. Rb2  Re7  48. Qd8
Rxe5  49. Qxf6+  Kxf6
50. fxe5+  Kxe5  51. Rd2
Bxc4  52. Nf3+  Ke4
53. Rd4+  Kxf3  54. Rxc4
Ke3  55. Rc1  Nd3
56. Rb1  Kd4  57. Rb6
Nb4  58. Rb7  Kxc5
59. Rg7  Kd4  60. Rxg6
c5  61. Rg5  c4
62. Rxh5  c3  63. Rxf5  c2
64. Rf4+  Kd5  65. Rf5+
Kd6  66. Rf1  Nd3
67. Kg2  c1=Q  68. Rxc1
Nxc1  69. Kf3  Ke5
70. Ke3  Nb3  71. Kd3
Nc5+  72. Kc4  Nxa4
73. Kb5  Nc3+  74. Kxa5
1/2-1/2

[Event "tht Extraliga 16/17,Rapid Pardubice-Labortech Ostrava"]
[Site "Brno"]
[Date "2017.04.01"]
[Round "10.7"]
[White "Konopka, Michal"]
[Black "Talla, Vladimir"]
[WhiteElo "2390"]
[BlackElo "2438"]
[Result "1/2-1/2"]

1. Nf3  d5  2. d4  Nf6
3. c4  e6  4. g3
dxc4  5. Qa4+  Nbd7
6. Bg2  a6  7. Nc3
Rb8  8. Qxc4  b5
9. Qd3  Bb7  10. Bf4
Rc8  11. O-O  c5
12. dxc5  Bxc5  13. Rad1
h6  14. Ne5  Bxg2
15. Kxg2  Nxe5  16. Qxd8+
Rxd8  17. Rxd8+  Kxd8
18. Bxe5  Ke7  19. Bxf6+
gxf6  20. Rc1  Bb6
21. Kf3  Rd8  22. Nb1
f5  23. e3  Rg8
24. Rc6  Rb8  25. Nd2  Kd7
26. Rc2  Kd6 27. Ke2  Kd7
28. Nf3  f6  29. Ne1
Bc7  30. Nd3  Bd6
31. Kf3  Rc8  32. Rxc8
Kxc8  33. Kg2  Kd7
34. Kh3  Ke7  35. Kh4
Kf7  36. Kh5  Kg7
37. f3  Kh7  38. b4
Kg7  39. Nc5  Bxc5
40. bxc5  Kf8  41. Kxh6
b4  42. Kg6  a5
43. h4  f4  44. c6  Ke7
45. exf4  a4  46. c7
Kd7  47. f5  exf5
48. h5  b3  49. axb3
axb3  50. h6  b2
51. c8=B+  Kxc8  52. h7
b1=Q  53. h8=Q+  Kd7
54. Qg7+  Kc8  55. f4
Qd3  56. Qh8+  Kc7
57. Qh4  Kd7  58. Kxf6
Kc7  59. Kg5  Kb6
60. Qh6+  Ka5  61. Kh4
Qe2  62. Qh5  Qh2+
63. Kg5  Qxg3+  64. Kxf5
Ka4  65. Qd1+  Ka3
66. Qd6+  Ka2  67. Qd5+
Kb1  68. Qe4+  Kc1
69. Ke6  Qg8+  70. Kd6
Qd8+  71. Kc5  Qa5+
72. Kd4  Qb4+  73. Kd3
Qd2+  74. Kc4  Qa2+
75. Kb5  Qb2+  76. Qb4
Qg7  77. Qe1+  Kc2
78. Qe4+  Kd1  79. Qd5+
Kc1  80. f5  Qb2+
81. Kc6  Qf6+  82. Qe6
Qc3+  83. Kd7  Qd4+
84. Qd6  Qg7+  85. Kc8
Qg8+  86. Qd8  Qg4
87. Qd7  Qg8+  88. Kc7
Qg3+  89. Qd6  Qg7+
90. Kc6  Qg2+  91. Qd5
Qg7  92. Qc5+  Kb1
93. Qb6+  Kc1  94. Qc7
Qf6+  95. Kd7+  Kb1
96. Qb7+  Ka1  97. Qa8+
Kb1  98. Qe4+  Ka1
99. Qa4+  Kb1  100. Qb5+
Ka1  101. Qa5+  Kb1
102. Qd5  Ka1  103. Qe6
Qd4+  104. Ke8  Qh8+
105. Kf7  Qh7+  106. Kf6
Qh6+  107. Ke7  Qg7+
108. Kd8  Qf8+  109. Kc7
Qc5+  110. Kd7  Qd4+
111. Qd6  Qg7+  112. Ke6
Qg8+  113. Kf6  Qh8+
114. Kg5  Qg8+  115. Qg6
Qd5  116. Qa6+  Kb1
117. Qf1+  Kb2  118. Qe2+
Kb1  119. Qe6  Qg2+
120. Kh6  Qh3+  121. Kg7
Qg3+  122. Kh7  Qh3+
123. Kg8  Qg3+  124. Qg6
Qb8+  125. Kg7  Qc7+
126. Qf7  Qg3+  127. Kf8
Qb8+  128. Qe8  Qd6+
129. Qe7  Qh6+  130. Kg8
1/2-1/2

[Event "tht Extraliga 16/17,Rapid Pardubice-Labortech Ostrava"]
[Site "Brno"]
[Date "2017.04.01"]
[Round "10.8"]
[White "Michenka, Jozef"]
[Black "Pulpan, Jakub"]
[WhiteElo "2339"]
[BlackElo "2371"]
[Result "0-1"]

1. d4  Nf6  2. c4  e6
3. Nc3  Bb4  4. Qc2
O-O  5. a3  Bxc3+
6. Qxc3  d5  7. Bg5
dxc4  8. Qxc4  b6
9. Rd1  Ba6  10. Qa4
h6  11. Bh4  Qe7
12. Nf3  Rd8  13. e3
Bxf1  14. Bxf6  Qxf6
15. Kxf1  c5  16. Ne5
cxd4  17. exd4  a6
18. h4  b5  19. Qc2
Nd7  20. Nc6  Rac8
21. Rh3  Nb8  22. Rc3
Rxc6  23. Rxc6  Nxc6
24. Qxc6  Qxh4  25. g3
Qh5  26. Rd2  a5
27. Qb6  Rc8  28. Kg2
Qd5+  29. f3  a4
30. Qa6  Rd8  31. Rc2
Qb3  32. Rc8  Qxb2+
33. Kh3  Qxd4  34. Rxd8+
Qxd8  35. Qxb5  Qd5
36. Qxa4  Qxf3  37. Kh2
e5  38. Qe8+  Kh7
39. Qxe5  Qxa3  40. Qf5+
Kg8  41. Qc8+  Qf8
42. Qd7  Qa8  43. Qd3
Qa2+  44. Kh3  Qf2
45. Qd8+  Kh7  46. Qd3+
g6  47. g4  Qf4
48. Qb3  Kg8  49. Qd3  h5
50. gxh5  Qh6  51. Qd8+
Kh7  52. Qf6  Qxh5+
53. Kg3  Qf5  54. Qh4+
Kg7  55. Qd4+  f6
56. Qd8  Qe5+  57. Kg2
Kh6  58. Kh3  Qf4
59. Qa8  Kh5  60. Qe8
Qf5+  61. Kg2  Qc2+
62. Kg3  Qd3+  63. Kg2
Kg5  64. Qe7  Qd5+
65. Kf2  Qe5  66. Qd8
Kh4  67. Qg8  g5
68. Qh7+  Kg4  69. Qb7
Qg3+  70. Ke2  f5
71. Qd5  Kh3  72. Qe6
Qg2+  73. Kd1  g4
74. Qh6+  Kg3  75. Qd6+
f4  76. Qe5  Qf3+
77. Kc2  Kg2  78. Qg7
g3  79. Kd2  Qe3+
80. Kd1  f3  0-1

[Event "tht Extraliga 16/17,BSS Frydek Mistek-Duras Brno"]
[Site "Brno"]
[Date "2017.04.01"]
[Round "10.1"]
[White "Azarov, Sergei"]
[Black "Shengelia, David"]
[WhiteElo "2576"]
[BlackElo "2570"]
[Result "1/2-1/2"]

1. e4  c5  2. Nf3  e6
3. d4  cxd4  4. Nxd4
Nc6  5. Nc3  Qc7
6. Be2  a6  7. O-O
Nf6  8. Be3  Be7
9. f4  d6  10. Kh1
O-O  11. a4  Re8
12. Bf3  Bf8  13. Qd2
Rb8  14. Qf2  Bd7
15. Rad1  Nxd4  16. Bxd4
e5  17. Bb6  Qc6
18. f5  Qc4  19. a5
Rbc8  20. Ra1  Qb4
21. Ra2  d5  22. Nxd5
Nxd5  23. exd5  e4
24. Bh5  Qc4  25. b3
Qxd5  26. c4  Qe5
27. Bd4  Bc5  28. Bxe5
Bxf2  29. Bxg7  e3
30. f6  Rc5  31. Bf3
Bc6  32. Re2  Bxf3
33. gxf3  Re6  34. Bh6
Rxf6  35. Bxe3  Bxe3
36. Rxe3  Rxa5  1/2-1/2

[Event "tht Extraliga 16/17,BSS Frydek Mistek-Duras Brno"]
[Site "Brno"]
[Date "2017.04.01"]
[Round "10.2"]
[White "Ponizil, Cyril"]
[Black "Fedorov, Aleksei"]
[WhiteElo "2481"]
[BlackElo "2589"]
[Result "0-1"]

1. e4  c5  2. Nf3  Nc6
3. Bb5  e6  4. Bxc6
bxc6  5. d3  Ne7
6. h4  h5  7. Qe2
d6  8. e5  dxe5
9. Nxe5  f6  10. Nc4  Nf5
11. Nbd2  Nd4  12. Qd1
e5  13. c3  Ne6
14. Ne4  Ba6  15. O-O  Bxc4
16. dxc4  Qxd1  17. Rxd1
Rd8  18. Rxd8+  Kxd8
19. Be3  a5  20. b3
Be7  21. a3  Kc7
22. b4  Rb8  23. Ng3
g6  24. bxa5  f5
25. Ne2  Bxh4  26. a4
Ra8  27. Nc1  f4
28. Bd2  Rb8  29. Kf1
Rb2  30. Ra2  Rb1
31. f3  g5  32. a6
Kb6  33. Ke2  e4
34. fxe4  Kxa6  35. Ra3
g4  36. Rb3  Ra1
37. Rb8  Bg5  38. Re8
f3+  39. gxf3  g3
40. Rxe6  g2  41. Kf2
g1=Q+  42. Kxg1  Bxd2
43. Kg2  Rxc1  44. Rxc6+
Kb7  45. Rxc5  h4
46. Rh5  Be1  47. f4
Rc2+  48. Kf3  Rxc3+
49. Kg4  Rxc4  50. Re5
Rxa4  51. f5  Ra3
52. f6  Rg3+  53. Kf5
Rf3+  54. Kg6  Bc3
55. Re7+  Kc6  56. Re6+
Kd7  57. Re7+  Kd6 0-1

[Event "tht Extraliga 16/17,BSS Frydek Mistek-Duras Brno"]
[Site "Brno"]
[Date "2017.04.01"]
[Round "10.3"]
[White "Antoniewski, Rafal"]
[Black "Polak, Tomas"]
[WhiteElo "2535"]
[BlackElo "2509"]
[Result "1-0"]

1. e4  c6  2. d4  d5
3. e5  Bf5  4. Nf3
e6  5. Be2  Nd7
6. O-O  Bg6  7. Nbd2  Nh6
8. Nb3  Nf5  9. Bd2
Be7  10. g4  Nh4
11. Nxh4  Bxh4  12. f4
Be4  13. Be3  h6
14. Nd2  Bh7  15. c3
Be7  16. Nf3  Qb6
17. b3  O-O  18. Bd3
f5  19. h3  Rf7
20. Kh2  Kh8  21. Rg1  Rg8
22. g5  Nf8  23. Qe2
Qd8  24. Rg3  Qe8
25. Rag1  Bd8  26. Qg2
Bg6  27. Be2  Bh5
28. g6  Rc7  29. Nd2
Bxe2  30. Qxe2  Be7
31. c4  Qd8  32. c5
Qe8  33. b4  b5
34. a4  Rb7  35. a5  Bd8
36. Qh5  a6  37. Nf3
Rd7  38. R3g2  Rb7
39. Bf2  Nh7  40. Ng5
Nxg5  41. fxg5  Rf8
42. gxh6  Kg8  43. hxg7
Rxg7  44. Bh4  f4
45. Bxd8  Qxd8  46. Rg4
Rf5  47. Qh6  f3
48. Rh4  Kf8  49. Rf4
1-0

[Event "tht Extraliga 16/17,BSS Frydek Mistek-Duras Brno"]
[Site "Brno"]
[Date "2017.04.01"]
[Round "10.4"]
[White "Simacek, Pavel"]
[Black "Zwardon, Vojtech"]
[WhiteElo "2480"]
[BlackElo "2406"]
[Result "1-0"]

1. Nf3  c5  2. e4  Nc6
3. d4  cxd4  4. Nxd4
e5  5. Nb5  a6
6. Nd6+  Bxd6  7. Qxd6  Qe7
8. Qd1  Nf6  9. Nc3
d6  10. Bg5  Be6
11. Nd5  Bxd5  12. exd5
Nb8  13. Be2  O-O
14. O-O  a5  15. c4
h6  16. Be3  Nfd7
17. Rc1  Na6  18. a3
f5  19. f3  Ndc5
20. b3  f4  21. Bf2
Qg5  22. Bxc5  Nxc5
23. b4  axb4  24. axb4
Nd7  25. c5  e4
26. c6  Ne5  27. cxb7  exf3
28. Bxf3  Ra7  29. Rc7
Qd8  30. Qc1  Ra1
31. Rxg7+  Kxg7  32. Qxa1
Qb6+  33. Kh1  Qxb7
34. Qd4  Qb5  35. Kg1
Qd3  36. Qxd3  Nxd3
37. b5  Nc5  38. Bg4
Rb8  39. Rxf4  Rxb5
40. h3  Nd3  41. Rd4
Ne5  42. Be6  Rb2
43. Ra4  Nd3  44. Kh2
Kf6  45. Re4  Rb4
46. Re3  Nf4  47. g3
Rb2+  48. Kh1  Rb1+
49. Kh2  Rb2+  50. Kg1
Rb1+  51. Kf2  Rb2+
52. Kf1  Rb1+  53. Kf2
Rb2+  54. Kf3  Ng6
55. Kg4  Rb7  56. Kh5
Nf8  57. h4  Re7
58. Rf3+  Kg7  59. Rxf8
Kxf8  60. Kxh6  Rb7
61. g4  Rb1  62. h5
Rh1  63. Kg6  Rh2
64. g5  Rh1  65. h6
Rf1  66. Kh7  1-0

[Event "tht Extraliga 16/17,BSS Frydek Mistek-Duras Brno"]
[Site "Brno"]
[Date "2017.04.01"]
[Round "10.5"]
[White "Rausis, Igors"]
[Black "Blahynka, Martin"]
[WhiteElo "2620"]
[BlackElo "2414"]
[Result "1/2-1/2"]

1. Nf3  Nf6  2. c4  e6
3. Nc3  Bb4  4. d4
c5  5. g3  cxd4
6. Nxd4  Ne4  7. Qc2  d5
8. Bg2  Qf6  9. Be3
Nc6  10. Rd1  Qg6
11. O-O  Bxc3  12. Bxe4
Qxe4  13. Qxc3  O-O
14. Nb5  Rd8  15. f3
Qf5  16. g4  Qg6
17. Nc7  Rb8  18. cxd5
exd5  19. Nxd5  Bxg4
20. Nf4  Rxd1  21. Rxd1
Qg5  22. fxg4  Qxg4+
23. Kh1  Qf5  24. Qd3
Qe5  25. Nd5  Re8
26. Rd2  Qh5  27. Bf4
h6  28. e4  Qh4
29. Rg2  Kh8  30. Qc3  f6
31. Qe3  Ne5  32. Bxe5
Rxe5  33. Nf4  Kh7
34. Re2  Qg4  35. Qg3
Qd7  36. Nd3  Rg5
37. Qf3  Qa4  38. Rg2
Rxg2  39. Kxg2  Qxa2
40. Qf5+  Kh8  41. Qc8+
Kh7  42. Qxb7  a5
43. Qd5  Qb1  44. Qf5+
Kh8  45. Qc8+  Kh7
46. Qc3  a4  47. e5
fxe5  48. Nxe5  Qe4+
49. Kg3  Kh8  50. h3
Qf5  51. Qe3  Qc2
52. Nd3  Qc4  53. Kf3
Qa6  54. Qe8+  Kh7
55. Qe4+  Kh8  56. Qf5
Qa8+  57. Kg3  a3
58. bxa3  Qxa3  59. h4
Qa7  60. h5  Qe3+
61. Kg4  Qd4+  62. Kf3
Qc4  63. Ne5  Qf1+
64. Ke4  Qb1+  65. Nd3
Qh1+  66. Ke5  Qa1+
67. Ke4  Qa4+  68. Ke3
Qa7+  69. Nc5  Qa3+
70. Ke4  Qa8+  71. Kf4
Qb8+  72. Qe5  Qf8+
73. Kg4  Qf1  74. Ne6
Qd1+  75. Kf4  Qf1+
76. Ke4  Qe2+  77. Kd5
Qb5+  78. Nc5  Qb6
79. Qf5  Qd8+  80. Nd7
Qa5+  81. Ke6  Qa2+
82. Ke7  Qa3+  83. Ke8
Qa8+  84. Kf7  Qa2+
85. Qe6  Qf2+  86. Ke7
Qh4+  87. Kf8  Qd8+
88. Kf7  Qg8+  89. Ke7
Qa8  90. Qf5  Qa3+
91. Kf7  Qa2+  92. Qe6
Qf2+  93. Ke8  Qf3
94. Qe5  Qa8+  95. Ke7
Qa3+  96. Qd6  Qe3+
97. Qe6  Qg5+  98. Kf8
Qd8+  99. Kf7  Qg8+
100. Ke7  Qa8  101. Qb3
Qe4+  102. Kf8  Qf4+
103. Qf7  Qb4+  104. Qe7
Qf4+  105. Ke8  Qa4
106. Qf8+  Kh7  107. Qf5+
Kh8  108. Qd5  Qa3
109. Ne5  Qa4+  110. Qc6
Qxc6+  111. Nxc6  g6
112. hxg6  Kg7  113. Ne7
h5  114. Kd7  h4
115. Nf5+  Kxg6  116. Nxh4+
1/2-1/2